| 000 | 00649aam a2200265 4500 | ||
|---|---|---|---|
| 005 | 20240319181554.0 | ||
| 008 | 150818b1981 xxu||||| |||| 00| 0 spa d | ||
| 020 | _a8424156684 | ||
| 041 | _aESP | ||
| 082 | _a333.794 C114e | ||
| 100 | _aCabanat, Martine | ||
| 245 | _aLas energías renovables | ||
| 260 | _aEspaña | ||
| 260 | _bEditorial Everest | ||
| 260 | _c1981 | ||
| 300 | _a65 páginas | ||
| 440 | _aColección Saber más | ||
| 650 | _aENERGÍA | ||
| 650 | _aENERGÍA RENOVABLE | ||
| 650 | _aENERGÍA SOLAR | ||
| 650 | _aENERGÍA GEOTÉRMICA | ||
| 650 | _aENERGÍA EÓLICA | ||
| 650 | _aENERGÍAS FÓSILES | ||
| 942 |
_cBK _2ddc |
||
| 999 |
_c588 _d588 |
||